000 01001nam a22002537a 4500
005 20170124103149.0
010 _aA-270355
020 _c15.00
035 _aA-270355
037 _bCen Lib/Ret
040 _aDPL
_bHN
082 _a
_bअमृता
100 _aअमृता प्रीतम
_987329
245 _aहरदत्त का ज़िन्दगीनामा /
_cअमृता प्रीतम
246 _aHardutt ka zindaginama /
_bby Amrita Pritam
260 _aदिल्ली
_bविकास पेपरबैक्स
_c1986
270 _bदिल्ली
_aIX/221 मेन रोड, गांधीनगर
_e110031
300 _a153पृ.
_c17सेमी(सजिल्द)
650 _aहिन्दी -- साहित्य
_987330
650 _aहिन्दी -- उपन्यास
_987331
650 _aHindi literature
_987332
650 _aHindi - Novel
_987333
942 _2ddc
_cHN
_h
_mअमृता
999 _c119880
_d119880